000
00297nam a22001217a 4500
008
180109b xxu||||| |||| 00| 0 eng d
041
_a
eng
080
_a
37
100
_a
46
101
_a
EDU
245
_a
THE COMPLETE WRITINGS OF THUCYDIDES THE PELOPONNESIAN WAR
_c
FINLEY,J,H
942
_2
udc
_c
BK
999
_c
39945
_d
39945